Gaming Quiz

Random Gaming or Video Games Quiz

Civilization V: Swedish Cities Quiz Stats

 Plays Quiz not verified by Sporcle

Support Sporcle.
Go Orange.
Score 0/34 Timer 06:00
0 Plays Today
City % Correct
Stockholm
100%
Gothenburg
66.7%
Umeå
66.7%
Uppsala
60%
Malmö
60%
Helsinki
53.3%
Linköping
53.3%
Vaasa
53.3%
Turku
46.7%
Visby
46.7%
Örebro
46.7%
Tampere
40%
Oulu
40%
Växjö
40%
Helsingborg
40%
Norrköping
40%
Lund
33.3%
City % Correct
Jyväskylä
33.3%
Jönköping
33.3%
Espoo
26.7%
Lahti
26.7%
Kuopio
26.7%
Birka
20%
Vantaa
20%
Sundsvall
20%
Karlstad
20%
Pori
20%
Sigtuna
13.3%
Strängnäs
13.3%
Kouvola
6.7%
Ystad
6.7%
Skara
0%
Lödöse
0%
Paviken
0%

You're not logged in!

Compare scores with friends on all Sporcle quizzes.
OR
Log In

From the Vault

Most Land Borders

by Derek

It has been said that good fences make good neighbors, these countries probably have a lot of fences then.
Remove Ads.
Support Sporcle.
Get the best of Sporcle when you Go Orange. This ad-free experience offers more features, more stats, and more fun while also helping to support Sporcle. Thank you for becoming a member.

Show Comments

Extras

Top Quizzes Today


Score Distribution

Your Account Isn't Verified!

In order to create a playlist on Sporcle, you need to verify the email address you used during registration. Go to your Sporcle Settings to finish the process.

Report this User

Report this user for behavior that violates our Community Guidelines.

Details: